Connaissez-vous vraiment bien Starmania ? - Statistiques

Statistiques générales
  • Ce quiz a été pris 179 fois
  • Le résultat moyen est 5 sur 11
Statistiques - réponses
Questions Réponses % Correct
Qui est le compositeur de Starmania ? Michel Berger
94%
De qui est amoureux la serveuse automate ? Ziggy
90%
Qui est le parolier de Starmania ? Luc Plamondon
79%
Comment s'appelle la présentatrice de Starmania ? Cristal
69%
Qui interprète la serveuse automate ( Marie-Jeanne) dans la version de 1978-9 ? Fabienne Thibeault
68%
Dans quelle salle parisienne est joué la version live de 2022 ? La Seine musicale
45%
Quel est le dernier film de Stella Spotlight ? Boulevard du crépuscule
34%
Dans quelle salle a été joué la version live de 1979 Le palais des Congrès
22%
Quelle est l'adresse EXACTE de l'underground café ? Bloc souterrain 30 corridor B
14%
Quel titre présent dans l'album concept de 1978 a été supprimé dès 1979 définitivement ? L'air de l'extraterrestre
10%
Quel est le titre complet de l'opéra rock : Starmania ? Starmania ou la passion de Johnny Rockfort selon les évangiles télévisés
10%
Aucun quiz correspondant
Distribution des résultats
% des personnes avec chaque résultat
Percentile par nombre de réponses
Votre historique - résultats
Vous n’avez pas pris ce quiz